书目信息

书名: 书法临习指导 
作者: 孙伯翔等编
出版信息: 北京   中央广播电视大学出版社  1990.06
开本页数: 26cm  102页
丛书名:
单 册:
中图分类: J
科图分类:
主题词: 艺术
电子资源:
ISBN:
000 00452nam0 2200169 45
001 0198391833
005 20060310100515.92
010    @dCNY2.50
100    @a19980219d km y0chiy0120 ea
101 @achi
200 @ASHU FA LIN XI ZHI DAO@FSUN BAI XIANG DENG BIAN@a书法临习指导@f孙伯翔等编
210    @a北京@c中央广播电视大学出版社@d1990.06
215    @a102页@c无图表@d26cm
606 @a艺术
690    @aJ@v3
801 @c20060310
905    @a10447@dJ@e139
    
    书法临习指导/孙伯翔等编.-北京:中央广播电视大学出版社,1990.06
    102页:无图表;26cm
    
    
    ISBN :CNY2.50
    
相关链接 在五车中查询图书 在当当中查询图书 在豆瓣中查询图书


正题名:书法临习指导     索取号:J/139         预约/预借

序号 登录号 条形码 馆藏地/架位号 状态 备注
1 100134   201001343   海科密-1楼/41架12列1层/ [索取号:J/139] 在馆